00428nam a22001577a 45000050016000000100017000160200026000330350017000590370021000760820006000971000025001032450046001282600037001742700041002113000018002522012071003033.0 aB-462684-688 a9788175411975c600.00 aB-462684-688 adplbK.K.PUB/VEN aS aTagore, Rabindranath aPotraits of Womencby Rabindranath Tagore aDelhibShipra Publicationsc2004 a115-A, Vikas Marg, Shakarpur,bDelhi a184pg.c21cm.